000 00936nam a2200313 a 4500
003 AR-BaBNM
005 20251128210625.0
008 082120s2002 ||||||||||||||000 | spa||
020 _a3-7913-1496-3
040 _cAR-BaBNM
245 0 0 _aUniversitäten in Deutschland ;
_bUniversities in Germany
260 _aMünchen
_bPrestel
_c1995
300 _a320 p.
_btablas, il., gráfs.
500 _aContiene informacion sobre los autores
650 4 _aUNIVERSIDADES
650 4 _aPROGRAMAS UNIVERSITARIOS
650 4 _aPLAN DE ESTUDIOS UNIVERSITARIOS
650 4 _aESTUDIANTES UNIVERSITARIOS
650 4 _aBIBLIOTECAS UNIVERSITARIAS
650 4 _aINSTITUTOS UNIVERSITARIOS
651 4 _aAlemania
653 _aEDUCACION SUPERIOR
653 _aHISTORIA DE LA UNIVERSIDAD
700 1 _aBode, Christian
_eeditor
700 1 _aBecker, Werner
_eeditor
700 1 _aKlofat, Rainer
_eeditor
942 _cBK
998 _cRaquel
999 _c16224
_d16224